|
|
|
|
| LEADER |
00643nam a22001577a 4500 |
| 020 |
|
|
|a 0-7619-3290-9
|
| 082 |
|
|
|a 909.83 DAS/TH
|
| 100 |
|
|
|a Samir Dasgupta
|
| 245 |
|
|
|a The Changing Face Of Globalization
|
| 260 |
|
|
|a New Delhi
|b Sage Publications
|c 2005
|
| 300 |
|
|
|a 332
|
| 650 |
|
|
|a globalization
|a cultures in conflict
|
| 942 |
|
|
|c BK
|
| 999 |
|
|
|c 169004
|d 169004
|
| 952 |
|
|
|0 0
|1 0
|4 0
|6 909_830000000000000_DAS_TH
|7 0
|9 173954
|a KAUCOAP
|b KAUCOAP
|d 2016-03-15
|o 909.83 DAS/TH
|p KAU_COAP04829
|r 2016-03-15
|w 2016-03-15
|y BK
|
| 952 |
|
|
|0 0
|1 0
|4 0
|6 909_830000000000000_DAS_TH
|7 0
|9 173955
|a KAUCOAP
|b KAUCOAP
|d 2016-03-15
|o 909.83 DAS/TH
|p KAU_COAP04828
|r 2016-03-15
|w 2016-03-15
|y BK
|